• 首页
  • 本馆介绍
  • 公告通知
  • 最新文献
  • 馆藏检索
  • 电子资源
  • 读者导购
  • 参考咨询
  • 我的图书馆
  • 登录
  • 详细信息显示
  • 放入我的书架
  • 预约/预借图书
  • 作者相关作品
  • 分类相关作品
  • 丛书相关作品
  • 出版社相关作品

书目信息

  • 表格格式
  • 工作单格式
  • 卡片格式
题名:
丁二烯爆米花状聚合物手册
    
 
作者: ;刘杰 , 王桂轮 , 傅吉江 译 ;国际合成橡胶生产商协会 编
分册:  
出版信息: 北京   化学工业出版社  2013.11
页数: 408页
开本: 25cm
丛书名:
单 册:
中图分类: TQ221.22-62
科图分类:
主题词: 丁二烯--聚合物--手册 , 丁二烯 , 聚合物
电子资源:
ISBN: 978-7-122-16994-5
000 01474nam0 2200337 450
001 0120131155957
005 20140610085808.79
010    @a978-7-122-16994-5@b精装@dCNY98.00
100    @a20131029d2013 em y0chiy0110 ea
101 0  @achi
102    @aCN@b110000
105    @aak z 000yy
106    @ar
200 1  @a丁二烯爆米花状聚合物手册@9ding er xi bao mi hua zhuang ju he wu shou ce@dButadiene popcorn polymer resource book@f国际合成橡胶生产商协会(IISRP)编@g王桂轮,傅吉江,刘杰等译@zeng
210    @a北京@c化学工业出版社@d2013.11
215    @a408页@c图@d25cm
304    @a中国石油独山石化分公司组织翻译
305    @a由IISRP授权
330    @a本书系统地介绍了丁二烯在生产、储运和使用等环节由于丁二烯爆米花状聚合物的产生所引发的安全危害,提供了丁二烯物料安全数据表、消防安全及紧急响应方面的有效措施。结合生产实际介绍了Phillips等化工厂的四起典型事故案例,同时提供了Baker Petrolite等几家公司生产的丁二烯阻聚剂产品使用介绍。
333    @a本书可供从事丁二烯及合成橡胶科研、生产、销售以及管理的技术人员参考
510 1  @aButadiene popcorn polymer resource book@zeng
606 0  @a丁二烯@x聚合物@j手册
606 0  @a丁二烯
606 0  @a聚合物
690    @aTQ221.22-62@v5
702  0 @a刘杰@9liu jie@4译
702  0 @a王桂轮@9wang gui lun@4译
702  0 @a傅吉江@9fu ji jiang@4译
711 02 @a国际合成橡胶生产商协会@9guo ji he cheng xiang jiao sheng chan shang xie hui@4编
801  0 @aCN@b人天书店@c20131029
905    @b847053-55@dTQ221.22-62@e29@f3
    
    丁二烯爆米花状聚合物手册=Butadiene popcorn polymer resource book/国际合成橡胶生产商协会(IISRP)编/王桂轮,傅吉江,刘杰等译.-北京:化学工业出版社,2013.11
    408页:图;25cm
    使用对象:本书可供从事丁二烯及合成橡胶科研、生产、销售以及管理的技术人员参考
    
    ISBN 978-7-122-16994-5(精装):CNY98.00
    本书系统地介绍了丁二烯在生产、储运和使用等环节由于丁二烯爆米花状聚合物的产生所引发的安全危害,提供了丁二烯物料安全数据表、消防安全及紧急响应方面的有效措施。结合生产实际介绍了Phillips等化工厂的四起典型事故案例,同时提供了Baker Petrolite等几家公司生产的丁二烯阻聚剂产品使用介绍。
●
相关链接 在E读中查询图书 在五车中查询图书 在当当中查询图书 在豆瓣中查询图书


正题名:丁二烯爆米花状聚合物手册     索取号:TQ221.22-62/29         预约/预借

序号 登录号 条形码 馆藏地/架位号 状态 备注
1 847053   208470536   第二样本阅览室/ [索取号:TQ221.22-62/29] 在馆    
2 847054   208470545   密集书库-化学系/ [索取号:TQ221.22-62/29] 在馆    
3 847055   208470554   第三借阅区/ [索取号:TQ221.22-62/29] 在馆    
唐山师范学院图书馆 欢迎您!
大连网信软件有限公司© 版权所有